000 00316 a2200157 4500
001 181074
020 _a
040 _cMagnum
100 _aPinsky, Mirna
240 1 0 _aA arvore de tudo
_lpor
245 1 0 _aA arvore de tudo
362 0 _a1899
440 1 _aMiguilim
697 _aMAGNITO: I/GERAL
942 _cBK
999 _c181074
_d181074